000 01509nam a22002297a 4500
999 _c12611
_d12611
003 AR-CdUCM
008 190409b ||||| |||| 00| 0 spa d
040 _aMUNICIPALIDAD PROVINCIAL DEL CUSCO
_cBIBLIOTECA MUNICIPAL DEL CUSCO
082 _a086.185 /
_bAR72
100 _aAristóteles,
_917411
245 _aObras completas /
260 _aArgentina :
_bBibliográfica Omeba,
_c1967.
300 _a4 Tomos ;
_c20 cm.
505 _aContenido : t.1 : Moral -- Teoría del bien y de la felicidad -- El fin supremo del hombre es la felicidad -- De la idea general de la felicidad -- Teoría de la virtud -- De la naturaleza de la virtud -- t.2: Metafísica -- Naturaleza de la ciencia -- De los pitagóricos doctrina de los números -- Solución de la primera cuestión que se presenta a examen -- t.3: Opúsculos -- Tratado de la sensación y de las cosas sensibles -- Relaciones posibles de los sentidos con los elementos -- Complemento de la teoría del color expuesta en el tratado del alma -- Complemento de la teoría del gusto -- Tratado de la memoria y de la reminiscencia -- Tratado del sueño y de la vigilia -- t.4: vida y obra de Aristoteles -- Posibilidad de la demostración -- Teoría de la definición -- Relaciones entre causa y el efecto en las demostraciones...
650 _aAistoteles
_930536
650 _aVida y obra
_914391
650 _aMoral
_94056
650 _aTratado del sueño
_930537
650 _aFilosofía
_9395
942 _2ddc
_cLIBROS
945 _awnts
_d2019-04-09